[Event "Caracas Gus Cup"]
[Site "Caracas"]
[Date "2022.07.30"]
[Round "7"]
[White "Vergara Duplaquet, Pablo Alejandro"]
[Black "Ramirez Gonzalez, Angel David"]
[Result "0-1"]
[WhiteElo "2026"]
[BlackElo "1811"]
[PlyCount "66"]
[EventDate "2022.07.27"]
[EventType "tourn"]
[EventRounds "9"]
[EventCountry "VEN"]
[SourceTitle "CBM 209 Extra"]
[Source "ChessBase"]
[SourceDate "2022.09.30"]
[SourceVersion "1"]
[SourceVersionDate "2022.09.30"]
[SourceQuality "1"]

1. e4 e6 2. d4 d5 3. Nc3 dxe4 4. Nxe4 Bd7 5. Nf3 Bc6 6. Bd3 Nd7 7. c3 Ngf6 8. Ng3 Be7 9. 0-0 0-0 10. Re1 b6 11. Bg5 Bb7 12. Qe2 c5 13. Rad1 Qc7 14. Ne5 cxd4 15. cxd4 Nxe5 16. dxe5 Qc6 17. f3 Qc5+ 18. Kh1 Ng4 19. Be3 Nxe3 20. Qxe3 Qxe3 21. Rxe3 Bg5 22. Ree1 Rad8 23. Ne2 Bh4 24. Rf1 Rd5 25. f4 Rfd8 26. Nc1 Ba6 27. Rf3 Be7 28. Kg1 f6 29. Kf2 fxe5 30. fxe5 Bg5 31. Bxa6 Rxd1 32. Nd3 Rf8 33. g3 Rd2+ 0-1

[Event "Caracas Gus Cup"]
[Site "Caracas"]
[Date "2022.07.29"]
[Round "5"]
[White "Vergara Duplaquet, Pablo Alejandro"]
[Black "Marin Ramirez, Gerardo"]
[Result "0-1"]
[WhiteElo "2026"]
[BlackElo "2138"]
[PlyCount "70"]
[EventDate "2022.07.27"]
[EventType "tourn"]
[EventRounds "9"]
[EventCountry "VEN"]
[SourceTitle "CBM 209 Extra"]
[Source "ChessBase"]
[SourceDate "2022.09.30"]
[SourceVersion "1"]
[SourceVersionDate "2022.09.30"]
[SourceQuality "1"]

1. e4 c5 2. Nf3 e6 3. d4 cxd4 4. Nxd4 Nf6 5. Bd3 Nc6 6. Nb3 d5 7. exd5 Nxd5 8. a3 Bd6 9. 0-0 Ne5 10. Be2 0-0 11. c4 Ne7 12. Nc3 Nf5 13. g4 Nh4 14. f4 Qb6+ 15. Rf2 Neg6 16. Na4 Qc7 17. Qd2 Rd8 18. Qe3 f5 19. c5 Be7 20. Bc4 Rd1+ 21. Bf1 fxg4 22. Nc3 Rd8 23. Bc4 Nf3+ 24. Kf1 Qc6 25. f5 Nge5 26. Bxe6+ Bxe6 27. fxe6 Rd3 28. Qe2 Nd2+ 29. Qxd2 Rxd2 30. Bxd2 Qxe6 31. Nc1 Bxc5 32. Rf4 Nf3 33. Ne4 Nxd2+ 34. Nxd2 Qe3 35. Rc4 Qf2# 0-1

[Event "Caracas Gus Cup"]
[Site "Caracas"]
[Date "2022.07.27"]
[Round "1"]
[White "Panitz Morales, Ralph Pedro"]
[Black "Vergara Duplaquet, Pablo Alejandro"]
[Result "1-0"]
[WhiteElo "2038"]
[BlackElo "2026"]
[PlyCount "90"]
[EventDate "2022.07.27"]
[EventType "tourn"]
[EventRounds "9"]
[EventCountry "VEN"]
[SourceTitle "CBM 209 Extra"]
[Source "ChessBase"]
[SourceDate "2022.09.30"]
[SourceVersion "1"]
[SourceVersionDate "2022.09.30"]
[SourceQuality "1"]

1. e4 e6 2. d3 d5 3. Nd2 Nf6 4. Ngf3 b6 5. c3 Bb7 6. Qc2 c5 7. Be2 Nc6 8. 0-0 Be7 9. Re1 0-0 10. Nf1 Rc8 11. Ng3 Re8 12. Bg5 h6 13. Bf4 Bf8 14. Rad1 e5 15. Bc1 g6 16. h3 Bg7 17. Nh2 Kh7 18. h4 d4 19. c4 Rc7 20. h5 Bc8 21. Bf3 Be6 22. Bd2 Qc8 23. Rb1 Bf8 24. a3 a5 25. Rec1 Bd6 26. Qd1 Rg8 27. Qe2 Rb7 28. a4 Rc7 29. Kf1 Ne7 30. Nh1 gxh5 31. Bxh5 Nxh5 32. Qxh5 Rg6 33. f3 f5 34. Nf2 Ng8 35. exf5 Bxf5 36. Nhg4 Rf7 37. Ke2 Nf6 38. Nxf6+ Rfxf6 39. g4 Bd7 40. Ne4 Rf8 41. Rh1 Be8 42. Bxh6 Re6 43. Qg5 Rg6 44. Bxf8+ Kg8 45. Nxd6 Qd8 1-0

[Event "Uni De Paula Santander op 2nd"]
[Site "Ocana"]
[Date "2016.09.25"]
[Round "7"]
[White "Vergara Duplaquet, Pablo Alejandro"]
[Black "Cardenas Angarita, Juan Pablo"]
[Result "0-1"]
[WhiteElo "1995"]
[BlackElo "1631"]
[PlyCount "31"]
[EventDate "2016.09.23"]
[EventType "swiss"]
[EventRounds "7"]
[EventCountry "COL"]
[SourceTitle "EXT 2018"]
[Source "ChessBase"]
[SourceDate "2017.10.13"]
[SourceVersion "1"]
[SourceVersionDate "2017.10.13"]
[SourceQuality "1"]

1. e4 c6 2. d4 d5 3. e5 Bf5 4. Nc3 e6 5. Nf3 Nd7 6. a3 c5 7. Bb5 a6 8. Bxd7+ Qxd7 9. Ne2 c4 10. Ng3 Bg6 11. Nh4 Ne7 12. Nxg6 Nxg6 13. h4 h6 14. h5 Ne7 15. c3 Nc6 16. Qc2 0-1

[Event "Uni De Paula Santander op 2nd"]
[Site "Ocana"]
[Date "2016.09.24"]
[Round "3"]
[White "Vergara Duplaquet, Pablo Alejandro"]
[Black "Martinez Romero, Martin"]
[Result "0-1"]
[WhiteElo "1995"]
[BlackElo "2411"]
[PlyCount "70"]
[EventDate "2016.09.23"]
[EventType "swiss"]
[EventRounds "7"]
[EventCountry "COL"]
[SourceTitle "EXT 2018"]
[Source "ChessBase"]
[SourceDate "2017.10.13"]
[SourceVersion "1"]
[SourceVersionDate "2017.10.13"]
[SourceQuality "1"]

1. e4 d6 2. d4 Nf6 3. Nc3 g6 4. f4 Bg7 5. Nf3 0-0 6. Be2 Na6 7. 0-0 c5 8. Bxa6 cxd4 9. Nxd4 bxa6 10. Kh1 Bb7 11. Re1 Rc8 12. Qd3 Ng4 13. Nd1 Bxd4 14. Qxd4 e5 15. Qd2 Qh4 16. g3 Qh3 17. Kg1 exf4 18. gxf4 Rfe8 19. Nc3 d5 20. e5 d4 21. Ne4 Bxe4 22. Rxe4 Ne3 23. Qe2 Qf5 24. Qf3 Nxc2 25. Rb1 Na3 26. Ra1 Nc4 27. Kg2 d3 28. b3 Nd6 29. Rd4 Rc2+ 30. Kg3 h5 31. h4 g5 32. Bd2 Rxd2 33. Rh1 Re2 34. hxg5 Ne4+ 35. Kh4 Rf2 0-1

[Event "Barquisimeto Vega Memorial"]
[Site "Barquisimeto"]
[Date "2016.06.06"]
[Round "10"]
[White "Blanco Ronquillo, Humberto L"]
[Black "Vergara Duplaquet, Pablo Alejandro"]
[Result "1-0"]
[WhiteElo "2438"]
[BlackElo "2025"]
[PlyCount "81"]
[EventDate "2016.06.01"]
[EventType "tourn"]
[EventRounds "10"]
[EventCountry "VEN"]
[SourceTitle "CBM 172 Extra"]
[Source "ChessBase"]
[SourceDate "2016.06.21"]
[SourceVersion "1"]
[SourceVersionDate "2016.06.21"]
[SourceQuality "1"]

1. d4 d6 2. e4 Nd7 3. Nf3 e5 4. Bc4 Qe7 5. 0-0 Nb6 6. Bb3 Bg4 7. c3 Nf6 8. Re1 h6 9. Nbd2 g6 10. a4 a5 11. Nf1 Bg7 12. Ne3 Be6 13. Nd5 Bxd5 14. exd5 e4 15. Nd2 0-0 16. c4 c6 17. dxc6 bxc6 18. Bc2 d5 19. c5 Nbd7 20. Nb3 Nh7 21. Bd2 Qd8 22. Bc3 f5 23. Qd2 Qf6 24. Nxa5 f4 25. f3 exf3 26. gxf3 Rxa5 27. Bxa5 Qxd4+ 28. Qxd4 Bxd4+ 29. Kg2 Kf7 30. Bc7 Bxc5 31. Bxf4 Kg7 32. Be3 Bd6 33. Bd4+ Nhf6 34. Re6 c5 35. Bxf6+ Rxf6 36. Rxf6 Kxf6 37. a5 Bb8 38. a6 Ba7 39. Ra5 Ke5 40. Rb5 Bb6 41. Bxg6 1-0

[Event "Barquisimeto Vega Memorial"]
[Site "Barquisimeto"]
[Date "2016.06.03"]
[Round "6"]
[White "Bobadilla Viera, Jorge Samuel"]
[Black "Vergara Duplaquet, Pablo Alejandro"]
[Result "1-0"]
[WhiteElo "2256"]
[BlackElo "2025"]
[PlyCount "61"]
[EventDate "2016.06.01"]
[EventType "tourn"]
[EventRounds "10"]
[EventCountry "VEN"]
[SourceTitle "CBM 172 Extra"]
[Source "ChessBase"]
[SourceDate "2016.06.21"]
[SourceVersion "1"]
[SourceVersionDate "2016.06.21"]
[SourceQuality "1"]

1. d4 d5 2. c4 e6 3. Nf3 Nf6 4. g3 c6 5. Nbd2 Be7 6. Bg2 0-0 7. 0-0 Nbd7 8. Qc2 b6 9. e4 dxe4 10. Nxe4 Bb7 11. Rd1 Qc8 12. Nxf6+ Bxf6 13. Ng5 g6 14. Ne4 Be7 15. Bh6 Re8 16. Qc3 Bf8 17. Bxf8 Rxf8 18. Nd6 Qc7 19. Nxb7 Qxb7 20. d5 Qc7 21. dxc6 Ne5 22. b4 Nxc6 23. b5 Na5 24. Bxa8 Rxa8 25. Rd4 e5 26. Rd5 f6 27. c5 Nb7 28. c6 Nc5 29. Rad1 Re8 30. Rxc5 bxc5 31. Rd7 1-0

[Event "Barquisimeto Vega Memorial"]
[Site "Barquisimeto"]
[Date "2016.06.02"]
[Round "3"]
[White "Vergara Duplaquet, Pablo Alejandro"]
[Black "Sosa Llontop, Cesar Augusto"]
[Result "0-1"]
[WhiteElo "2025"]
[BlackElo "1831"]
[PlyCount "46"]
[EventDate "2016.06.01"]
[EventType "tourn"]
[EventRounds "10"]
[EventCountry "VEN"]
[SourceTitle "CBM 172 Extra"]
[Source "ChessBase"]
[SourceDate "2016.06.21"]
[SourceVersion "1"]
[SourceVersionDate "2016.06.21"]
[SourceQuality "1"]

1. f4 d5 2. Nf3 c5 3. g3 Nc6 4. Bg2 Nf6 5. e3 Bf5 6. d3 e6 7. a3 Be7 8. h3 h5 9. Nbd2 Qb6 10. Qe2 Rd8 11. e4 dxe4 12. dxe4 Bh7 13. c3 Qc7 14. 0-0 a6 15. Re1 b5 16. Ng5 e5 17. Ndf3 Bd6 18. f5 c4 19. Be3 Ne7 20. Rad1 g6 21. Nxh7 Rxh7 22. Qf2 Rc8 23. Nh4 g5 0-1

[Event "Barquisimeto Vega Memorial"]
[Site "Barquisimeto"]
[Date "2016.06.01"]
[Round "1"]
[White "Vergara Duplaquet, Pablo Alejandro"]
[Black "Bobadilla Viera, Jorge Samuel"]
[Result "1/2-1/2"]
[WhiteElo "2025"]
[BlackElo "2256"]
[PlyCount "151"]
[EventDate "2016.06.01"]
[EventType "tourn"]
[EventRounds "10"]
[EventCountry "VEN"]
[SourceTitle "CBM 172 Extra"]
[Source "ChessBase"]
[SourceDate "2016.06.21"]
[SourceVersion "1"]
[SourceVersionDate "2016.06.21"]
[SourceQuality "1"]

1. e4 c5 2. Nf3 e6 3. d4 cxd4 4. Nxd4 Nf6 5. Nc3 d6 6. Be3 a6 7. f3 Nbd7 8. Bc4 Qc7 9. Bb3 Nc5 10. Qd2 b5 11. 0-0-0 Bd7 12. Kb1 b4 13. Nce2 a5 14. c3 a4 15. Bc2 b3 16. Bd3 bxa2+ 17. Kxa2 Nb3 18. Qc2 Qb7 19. c4 Be7 20. Nc3 0-0 21. Ndb5 Rfc8 22. Bg5 e5 23. Bxf6 gxf6 24. Qf2 Na5 25. Qe2 Bxb5 26. Nxb5 Nc6 27. Qd2 Qb6 28. Rc1 Qc5 29. Rc3 Kg7 30. Rd1 Bd8 31. Qe1 Ba5 32. Qg3+ Kf8 33. Rcc1 a3 34. b3 Qe3 35. f4 exf4 36. Qxe3 fxe3 37. Be2 Bd2 38. Ra1 Nb4+ 39. Kb1 a2+ 40. Kb2 Ke7 41. Rf1 Rab8 42. Nd4 Rb6 43. Rf3 d5 44. exd5 Nxd5 45. Nf5+ Kf8 46. Kc2 Ra6 47. Rff1 Bc3 48. Bf3 Bxa1 49. Rxa1 Nb4+ 50. Kc3 Re8 51. Be2 Rb6 52. c5 Rbb8 53. Nd6 Re5 54. Kc4 Na6 55. Rxa2 Rb4+ 56. Kc3 Rxc5+ 57. Bc4 Rb6 58. Ne4 Re5 59. Kd4 Nb4 60. Ra8+ Kg7 61. g4 Rb7 62. Ng3 Rd7+ 63. Kc3 Nd5+ 64. Kb2 Nf4 65. Nf5+ Rxf5 66. gxf5 Re7 67. Ra1 e2 68. Re1 Kh6 69. Kc3 Kg5 70. Kd2 Kxf5 71. Bxe2 Rd7+ 72. Kc2 Rc7+ 73. Kd2 Re7 74. Kc2 Rc7+ 75. Bc4 h5 76. Re8 1/2-1/2

[Event "San Cristobal op 26th"]
[Site "San Cristobal"]
[Date "2016.02.05"]
[Round "3"]
[White "Molina Quevedo, Endry Alexander"]
[Black "Vergara Duplaquet, Pablo Alejandro"]
[Result "1-0"]
[WhiteElo "1726"]
[BlackElo "2032"]
[PlyCount "70"]
[EventDate "2016.02.04"]
[EventType "swiss"]
[EventRounds "7"]
[EventCountry "VEN"]
[SourceTitle "CBM 170 Extra"]
[Source "ChessBase"]
[SourceDate "2016.02.25"]
[SourceVersion "1"]
[SourceVersionDate "2016.02.25"]
[SourceQuality "1"]

1. c4 e5 2. Nc3 d6 3. g3 c6 4. Bg2 Nf6 5. d4 Qc7 6. e4 Nbd7 7. Nge2 Be7 8. 0-0 0-0 9. h3 Re8 10. d5 a6 11. a4 a5 12. b3 Nc5 13. Ba3 Bf8 14. Bxc5 dxc5 15. f4 cxd5 16. exd5 Bd7 17. Qd3 Bd6 18. f5 Re7 19. Ne4 Nxe4 20. Bxe4 f6 21. g4 Kh8 22. g5 fxg5 23. f6 gxf6 24. Rxf6 Rg8 25. Rh6 Be8 26. Rf1 Rd7 27. Qf3 Qd8 28. Ng3 Rf8 29. Bf5 e4 30. Qc3+ Kg8 31. Nxe4 Bf4 32. Be6+ Bf7 33. Nf6+ Kg7 34. Ne8+ Kxh6 35. Qg7+ Kh5 1-0

[Event "Barquisimeto"]
[Site "Barquisimeto"]
[Date "2016.01.08"]
[Round "8"]
[White "Leyva Proenza, Ricardo"]
[Black "Vergara Duplaquet, Pablo Alejandro"]
[Result "1-0"]
[WhiteElo "2336"]
[BlackElo "2030"]
[PlyCount "77"]
[EventDate "2016.01.04"]
[EventType "tourn"]
[EventRounds "10"]
[EventCountry "VEN"]
[SourceTitle "EXT 2017"]
[Source "ChessBase"]
[SourceDate "2016.10.25"]
[SourceVersion "1"]
[SourceVersionDate "2016.10.25"]
[SourceQuality "1"]

1. e4 c5 2. Nf3 d6 3. d4 cxd4 4. Nxd4 Nf6 5. Nc3 a6 6. f3 Qc7 7. Be3 g6 8. Qd2 h5 9. 0-0-0 Bg7 10. Kb1 Nbd7 11. g3 b5 12. h3 Bb7 13. Rg1 Nb6 14. Bd3 Nc4 15. Bxc4 Qxc4 16. g4 Rc8 17. Nb3 Qc7 18. Bd4 hxg4 19. hxg4 Bc6 20. g5 Nh5 21. Bxg7 Nxg7 22. f4 a5 23. Nd4 b4 24. Nd5 Qb7 25. Nxc6 Rxc6 26. Rh1 Rg8 27. Qe2 Rc5 28. Rh7 Qc8 29. Rdh1 Qb7 30. Rh8 Rxh8 31. Rxh8+ Kd7 32. Qd3 Ne6 33. Rh7 Nd8 34. f5 gxf5 35. g6 Nc6 36. Rxf7 Qb8 37. Qh3 Nd4 38. Rxe7+ Kc6 39. Rc7+ 1-0

[Event "Caracas FVA 80th Ann"]
[Site "Caracas"]
[Date "2015.12.20"]
[Round "8"]
[White "Dominguez Contreras, Jacinto"]
[Black "Vergara Duplaquet, Pablo Alejandro"]
[Result "0-1"]
[WhiteElo "1832"]
[BlackElo "2039"]
[PlyCount "96"]
[EventDate "2015.12.16"]
[EventType "swiss"]
[EventRounds "8"]
[EventCountry "VEN"]
[SourceTitle "EXT 2018"]
[Source "ChessBase"]
[SourceDate "2017.10.13"]
[SourceVersion "1"]
[SourceVersionDate "2017.10.13"]
[SourceQuality "1"]

1. d4 d6 2. Nf3 Nd7 3. Nc3 e5 4. e4 g6 5. Be3 Bg7 6. Qd2 Ngf6 7. Bh6 0-0 8. Bxg7 Kxg7 9. Bc4 exd4 10. Qxd4 Re8 11. 0-0 Kg8 12. Rfe1 Ng4 13. Rad1 Nge5 14. Nxe5 Nxe5 15. Bb3 Bg4 16. Rd2 g5 17. Nd5 a6 18. Qc3 Rc8 19. Qg3 Kh8 20. f3 Bd7 21. Red1 Rg8 22. Ne3 g4 23. f4 Nf3+ 24. Kh1 Nxd2 25. Rxd2 Qe7 26. e5 dxe5 27. fxe5 Be6 28. Rf2 Rcd8 29. Qf4 c5 30. c3 Qg5 31. g3 Rd3 32. Bxe6 fxe6 33. Nc4 Qxf4 34. Rxf4 b5 35. Nd6 Rd1+ 36. Kg2 Rd2+ 37. Rf2 Rxf2+ 38. Kxf2 Rf8+ 39. Ke2 Kg7 40. b3 Kg6 41. c4 bxc4 42. bxc4 Rf3 43. Ne4 Ra3 44. Nxc5 Rxa2+ 45. Ke3 Kf5 46. Kd4 Rd2+ 47. Nd3 Rxd3+ 48. Kxd3 Kxe5 0-1

[Event "Caracas FVA 80th Ann"]
[Site "Caracas"]
[Date "2015.12.17"]
[Round "3"]
[White "Vergara Duplaquet, Pablo Alejandro"]
[Black "Colmenares Hernandez, Jose Grego"]
[Result "1-0"]
[WhiteElo "2039"]
[BlackElo "1778"]
[PlyCount "81"]
[EventDate "2015.12.16"]
[EventType "swiss"]
[EventRounds "8"]
[EventCountry "VEN"]
[SourceTitle "EXT 2018"]
[Source "ChessBase"]
[SourceDate "2017.10.13"]
[SourceVersion "1"]
[SourceVersionDate "2017.10.13"]
[SourceQuality "1"]

1. e4 c5 2. Nf3 d6 3. d4 cxd4 4. Nxd4 Nf6 5. Nc3 a6 6. Bg5 e6 7. Be2 Be7 8. Qd2 Nc6 9. 0-0-0 Nxd4 10. Qxd4 b5 11. f4 Bb7 12. Bf3 Rc8 13. a4 Rxc3 14. bxc3 0-0 15. axb5 axb5 16. Bxf6 Bxf6 17. e5 Bxf3 18. gxf3 dxe5 19. fxe5 Be7 20. Qxd8 Bxd8 21. f4 Ba5 22. Rd3 b4 23. cxb4 Bxb4 24. Kb2 Rc8 25. Rhd1 Kf8 26. Rd8+ Rxd8 27. Rxd8+ Ke7 28. Rd4 Bc5 29. Rc4 Bg1 30. h3 Bh2 31. Kc3 g5 32. fxg5 Bxe5+ 33. Kd3 Kf8 34. Ke4 Bd6 35. Rc6 Bg3 36. Kf3 Be1 37. Kg4 Kg7 38. Rc7 Kg6 39. h4 h5+ 40. gxh6 f5+ 41. Kh3 1-0

[Event "Caracas FVA 80th Ann"]
[Site "Caracas"]
[Date "2015.12.16"]
[Round "1"]
[White "Vergara Duplaquet, Pablo Alejandro"]
[Black "Gascon del Nogal, Jose Rafael"]
[Result "0-1"]
[WhiteElo "2039"]
[BlackElo "2397"]
[PlyCount "76"]
[EventDate "2015.12.16"]
[EventType "swiss"]
[EventRounds "8"]
[EventCountry "VEN"]
[SourceTitle "EXT 2018"]
[Source "ChessBase"]
[SourceDate "2017.10.13"]
[SourceVersion "1"]
[SourceVersionDate "2017.10.13"]
[SourceQuality "1"]

1. e4 c5 2. Nf3 d6 3. d4 cxd4 4. Nxd4 Nf6 5. Nc3 a6 6. Be2 e5 7. Nb3 Be7 8. 0-0 0-0 9. Bg5 Nbd7 10. a4 b6 11. Qd2 Bb7 12. f3 Rc8 13. Rfd1 Qc7 14. Be3 Rfd8 15. Qe1 d5 16. exd5 Bb4 17. Rd3 e4 18. fxe4 Nxe4 19. Bd4 Re8 20. Qf1 Nxc3 21. Bxc3 Bd6 22. Rh3 Bxd5 23. Bxa6 Rcd8 24. Bd3 g6 25. Nd4 Ne5 26. Nb5 Bc5+ 27. Kh1 Qc8 28. Rg3 Ng4 29. h3 Nf2+ 30. Kh2 Qb8 31. Bf6 Qf4 32. Bxd8 Rxd8 33. Qc1 Qb8 34. Qg5 h6 35. Qxh6 Ng4+ 36. hxg4 Bf2 37. Qh3 Kg7 38. Rf1 Bxg3+ 0-1

[Event "Fuerza Aurinegra op 1st"]
[Site "San Cristobal"]
[Date "2015.11.11"]
[Round "1"]
[White "Moreno Contreras, Jose Urbano"]
[Black "Vergara Duplaquet, Pablo Alejandro"]
[Result "0-1"]
[WhiteElo "1868"]
[BlackElo "2012"]
[PlyCount "76"]
[EventDate "2015.11.11"]
[EventType "swiss"]
[EventRounds "7"]
[EventCountry "VEN"]
[SourceTitle "EXT 2018"]
[Source "ChessBase"]
[SourceDate "2017.10.13"]
[SourceVersion "1"]
[SourceVersionDate "2017.10.13"]
[SourceQuality "1"]

1. e4 c5 2. Nf3 e6 3. d4 cxd4 4. Nxd4 a6 5. c4 Nf6 6. Bd3 Nc6 7. Nc2 Ne5 8. 0-0 d6 9. Nc3 Qc7 10. Ne3 Be7 11. f4 Nxd3 12. Qxd3 b6 13. Bd2 Bb7 14. Rae1 0-0 15. Ned1 Rfe8 16. Nf2 Rad8 17. Qe2 d5 18. cxd5 exd5 19. e5 Ne4 20. Ncxe4 dxe4 21. Bc3 b5 22. Rc1 Qb6 23. b4 f5 24. Kh1 Bd5 25. Rfe1 Bh4 26. Rc2 Bc4 27. Qe3 Qe6 28. g3 Be7 29. a3 Rd7 30. g4 Bh4 31. gxf5 Qxf5 32. e6 Rxe6 33. Rg1 Bd8 34. Ng4 Bb6 35. Qg3 Bxg1 36. Qxg1 e3 37. Nxe3 Qxc2 38. Nxc2 Bd5+ 0-1

[Event "San Cristobal op 25th"]
[Site "San Cristobal"]
[Date "2015.02.08"]
[Round "7"]
[White "Anzivino, Alberto"]
[Black "Vergara Duplaquet, Pablo Alejandro"]
[Result "1-0"]
[WhiteElo "2053"]
[BlackElo "2070"]
[PlyCount "65"]
[EventDate "2015.02.05"]
[EventType "swiss"]
[EventRounds "7"]
[EventCountry "VEN"]
[SourceTitle "CBM 165 Extra"]
[Source "ChessBase"]
[SourceDate "2015.04.21"]
[SourceVersion "1"]
[SourceVersionDate "2015.04.21"]
[SourceQuality "1"]

1. e4 c6 2. Nc3 d5 3. Qf3 e6 4. d4 dxe4 5. Nxe4 Nd7 6. Bg5 Ndf6 7. 0-0-0 Be7 8. Kb1 Qa5 9. Nc5 Bxc5 10. dxc5 Qxc5 11. Qg3 Qe7 12. Qe5 h6 13. Be3 b6 14. Qg3 g6 15. a4 Qb7 16. Be2 Bd7 17. a5 Nd5 18. Bd4 Rh7 19. Bd3 Nge7 20. a6 Qc8 21. c4 Nc7 22. Bf6 Nxa6 23. Nf3 Nc5 24. Ne5 a5 25. Bc2 Ra7 26. Rhe1 Kf8 27. Ng4 Be8 28. Be5 f5 29. Nf6 Rf7 30. Qh4 h5 31. Qg5 Ng8 32. Nxg8 Rad7 33. Nf6 1-0

[Event "San Cristobal op 25th"]
[Site "San Cristobal"]
[Date "2015.02.07"]
[Round "6"]
[White "Vivas Zamora, Fabian Ernesto"]
[Black "Vergara Duplaquet, Pablo Alejandro"]
[Result "0-1"]
[WhiteElo "2050"]
[BlackElo "2070"]
[PlyCount "96"]
[EventDate "2015.02.05"]
[EventType "swiss"]
[EventRounds "7"]
[EventCountry "VEN"]
[SourceTitle "CBM 165 Extra"]
[Source "ChessBase"]
[SourceDate "2015.04.21"]
[SourceVersion "1"]
[SourceVersionDate "2015.04.21"]
[SourceQuality "1"]

1. e4 c6 2. d4 d5 3. f3 Nf6 4. Nc3 e6 5. e5 Ng8 6. f4 c5 7. Nf3 Nc6 8. Be3 cxd4 9. Nxd4 Nge7 10. Qd2 a6 11. 0-0-0 Nxd4 12. Bxd4 Nc6 13. Kb1 Bb4 14. Qe3 Nxd4 15. Qxd4 Qa5 16. Ne2 Bd7 17. f5 Rc8 18. Qf4 exf5 19. Nd4 g6 20. c3 Be7 21. Nb3 Qb6 22. Qd4 Qxd4 23. Rxd4 Bc6 24. Be2 Kd7 25. Bf3 Ke6 26. Re1 b6 27. Rdd1 Bc5 28. c4 Rhd8 29. Nd4+ Bxd4 30. Rxd4 Ba8 31. Red1 Kxe5 32. Bxd5 Bxd5 33. Rxd5+ Rxd5 34. Rxd5+ Ke6 35. Rd4 g5 36. Kc2 f4 37. Kd3 f5 38. b4 Rc6 39. h4 h6 40. a4 a5 41. hxg5 hxg5 42. c5 axb4 43. cxb6 Rxb6 44. a5 Rb5 45. Kc4 Rxa5 46. Rd2 b3 47. Kxb3 Rc5 48. Rd8 Ke5 0-1

[Event "San Cristobal op 25th"]
[Site "San Cristobal"]
[Date "2015.02.05"]
[Round "2"]
[White "Rincon Sequeda, Jennyfer Josimar"]
[Black "Vergara Duplaquet, Pablo Alejandro"]
[Result "0-1"]
[WhiteElo "1624"]
[BlackElo "2070"]
[PlyCount "100"]
[EventDate "2015.02.05"]
[EventType "swiss"]
[EventRounds "7"]
[EventCountry "VEN"]
[SourceTitle "CBM 165 Extra"]
[Source "ChessBase"]
[SourceDate "2015.04.21"]
[SourceVersion "1"]
[SourceVersionDate "2015.04.21"]
[SourceQuality "1"]

1. d4 c5 2. e3 cxd4 3. exd4 d5 4. c3 Nf6 5. Bd3 g6 6. Nd2 Bg7 7. f4 Nc6 8. Ngf3 Bg4 9. 0-0 Qc7 10. g3 h5 11. Qe1 Bh3 12. Rf2 Bf5 13. Be2 Ng4 14. Ne5 Nxf2 15. Qxf2 f6 16. Nxc6 bxc6 17. Nf3 Kf7 18. Bd2 Rab8 19. b3 Qa5 20. c4 Qa3 21. Bc3 Qd6 22. c5 Qc7 23. Re1 a5 24. Bd1 Be4 25. Nd2 Bf5 26. Bf3 Ra8 27. Re3 Qd7 28. Qe2 Bg4 29. Kf2 Rhe8 30. Kg2 Qf5 31. Nf1 Bh3+ 32. Kf2 h4 33. Bd2 Qb1 34. Be1 Qa1 35. Rd3 Qb1 36. g4 Bxf1 37. Kxf1 Qc1 38. Qd2 Qxd2 39. Rxd2 Bh6 40. Bxh4 Bxf4 41. Re2 e5 42. dxe5 Rxe5 43. Rc2 a4 44. bxa4 Rxa4 45. a3 Re3 46. Bg2 Rexa3 47. Be1 Ra2 48. Rc3 Ra1 49. Rd3 R4a2 50. Bf3 Bd2 0-1

[Event "Caracas Hernandez Cup"]
[Site "Caracas"]
[Date "2014.10.12"]
[Round "8"]
[White "Acosta Villarroel, Lorner Justus"]
[Black "Vergara Duplaquet, Pablo Alejandro"]
[Result "1-0"]
[WhiteElo "2198"]
[BlackElo "2100"]
[PlyCount "57"]
[EventDate "2014.10.08"]
[EventType "swiss"]
[EventRounds "9"]
[EventCountry "VEN"]
[SourceTitle "EXT 2016"]
[Source "ChessBase"]
[SourceDate "2015.10.08"]
[SourceVersion "1"]
[SourceVersionDate "2015.10.08"]
[SourceQuality "1"]

1. d4 d5 2. c4 c6 3. Nc3 Nf6 4. Nf3 h6 5. Bf4 dxc4 6. a4 Nd5 7. Bd2 Nxc3 8. Bxc3 b5 9. b3 cxb3 10. axb5 cxb5 11. e4 Bd7 12. Qxb3 a6 13. Ne5 e6 14. d5 b4 15. Bxb4 Qb6 16. Rb1 Qd4 17. Bxf8 Qxe5 18. Bd3 exd5 19. Ba3 Bc6 20. 0-0 dxe4 21. Bc4 f5 22. Bf7+ Kd8 23. Bd6 Qxd6 24. Rfd1 Qxd1+ 25. Rxd1+ Kc7 26. Qb4 Rc8 27. Be6 Re8 28. Qd6+ Kb7 29. Rb1+ 1-0

[Event "Caracas Hernandez Cup"]
[Site "Caracas"]
[Date "2014.10.12"]
[Round "9"]
[White "Vergara Duplaquet, Pablo Alejandro"]
[Black "Anzivino, Alberto"]
[Result "1-0"]
[WhiteElo "2100"]
[BlackElo "2066"]
[PlyCount "82"]
[EventDate "2014.10.08"]
[EventType "swiss"]
[EventRounds "9"]
[EventCountry "VEN"]
[SourceTitle "EXT 2016"]
[Source "ChessBase"]
[SourceDate "2015.10.08"]
[SourceVersion "1"]
[SourceVersionDate "2015.10.08"]
[SourceQuality "1"]

1. Nf3 c5 2. g3 d6 3. Bg2 e5 4. d3 Nf6 5. Nbd2 Be7 6. b3 0-0 7. 0-0 Nc6 8. Bb2 a5 9. a4 Re8 10. e4 Nd4 11. Ne1 d5 12. exd5 Nxd5 13. Nc4 Bf8 14. h3 Ra6 15. Kh2 Rae6 16. c3 Nc6 17. Qc2 f5 18. Rd1 Rh6 19. Bc1 f4 20. Rh1 g5 21. Kg1 g4 22. h4 Be7 23. Be4 Rh5 24. Ng2 Rf8 25. Bxd5+ Qxd5 26. gxf4 Bd8 27. fxe5 Rxe5 28. Bf4 Ree8 29. Bd6 Rf6 30. Bg3 b6 31. Nge3 Qd7 32. Nd2 Bc7 33. Ne4 Rf3 34. Qe2 Ref8 35. h5 Bf4 36. Bxf4 R3xf4 37. Ng2 Rf3 38. Nh4 R3f7 39. d4 cxd4 40. cxd4 Qd5 41. Qc4 Nb4 1-0

[Event "Caracas Hernandez Cup"]
[Site "Caracas"]
[Date "2014.10.11"]
[Round "7"]
[White "Vergara Duplaquet, Pablo Alejandro"]
[Black "Diaz Carias, Salvador"]
[Result "0-1"]
[WhiteElo "2100"]
[BlackElo "2054"]
[PlyCount "90"]
[EventDate "2014.10.08"]
[EventType "swiss"]
[EventRounds "9"]
[EventCountry "VEN"]
[SourceTitle "EXT 2016"]
[Source "ChessBase"]
[SourceDate "2015.10.08"]
[SourceVersion "1"]
[SourceVersionDate "2015.10.08"]
[SourceQuality "1"]

1. d4 d5 2. c4 dxc4 3. Nf3 Nf6 4. Qa4+ Qd7 5. Qxc4 Qc6 6. e3 e6 7. Nc3 Qxc4 8. Bxc4 a6 9. a3 b5 10. Be2 Bb7 11. b4 Nbd7 12. 0-0 Be7 13. Bb2 0-0 14. Rfc1 Bd6 15. Nd1 Nb6 16. Nd2 Na4 17. Bf3 Bxf3 18. Nxf3 a5 19. bxa5 Nxb2 20. Nxb2 Rxa5 21. Nd3 Rfa8 22. Nc5 Rxa3 23. Rab1 Bxc5 24. Rxc5 Rb3 25. Rbc1 Nd5 26. g3 b4 27. Ne5 f6 28. Nc6 Ra2 29. Ra5 Rd2 30. Nd8 Nc3 31. Rf1 Rbb2 32. Ra6 b3 33. Rxe6 h5 34. Re8+ Kh7 35. Ne6 Ra2 36. Nf8+ Kh6 37. h4 b2 38. Ne6 b1Q 39. Rxb1 Nxb1 40. g4 hxg4 41. h5 Kxh5 42. Nf4+ Kg5 43. Ne6+ Kg6 44. Re7 g3 45. Nf8+ Kh6 0-1